| 000 | 00598nam a2200205 i 4500 | ||
|---|---|---|---|
| 001 | 73569 | ||
| 003 | ES-MaACL | ||
| 005 | 20230906171844.0 | ||
| 007 | t| | ||
| 008 | 040908s1947 sp ||||1| spa d | ||
| 100 | 1 |
_aGómez Lucas, Rafael. _958021 |
|
| 245 | 1 | 0 |
_aSifilis / _cRafael Gómez Lucas. |
| 260 |
_aValencia : _bB.A.M., _c1947 ( _fEstudio Gráfico) |
||
| 300 |
_a176 p. : _bil. ; _c17 cm. |
||
| 490 | 1 | _aBiblioteca del auxiliar médico | |
| 650 | 0 | 4 |
_aSífilis. _917092 |
| 830 | 0 |
_aBiblioteca del auxiliar médico _9183414 |
|
| 852 |
_aES-MaACL _jE-1209 _bR.26684 |
||
| 999 |
_c73569 _d73569 |
||